Globální krize nezaměstnanosti pokračuje, mzdová regulace roste
Miera nezamestnanosti vo svete. Trend chápania nezamestnanosti ako nevyhnutný produkt trhových síl. Miera nezamestnanosti v r. 1994 - 1996 podľa vybraných krajín. Potreba účinného modelu politiky trhu práce. Riešenie problematiky nezamestnanosti v krajinách strednej a východnej Európy a rozvojových...
Guardado en:
| Formato: | Capítulo de libro |
|---|---|
| Lenguaje: | checo |
| Materias: | |
| Etiquetas: |
Sin Etiquetas, Sea el primero en etiquetar este registro!
|
MARC
| LEADER | 00000naa a2200000 4500 | ||
|---|---|---|---|
| 001 | r026754 | ||
| 005 | 20230913070426.0 | ||
| 041 | 0 | |a cze | |
| 044 | |a CZ | ||
| 245 | 1 | 0 | |a Globální krize nezaměstnanosti pokračuje, mzdová regulace roste |
| 520 | |a Miera nezamestnanosti vo svete. Trend chápania nezamestnanosti ako nevyhnutný produkt trhových síl. Miera nezamestnanosti v r. 1994 - 1996 podľa vybraných krajín. Potreba účinného modelu politiky trhu práce. Riešenie problematiky nezamestnanosti v krajinách strednej a východnej Európy a rozvojových krajinách. | ||
| 610 | 2 | 0 | |a nezamestnanosť |
| 610 | 2 | 0 | |a SVE |
| 610 | 2 | 0 | |a krajiny rozvojové |
| 610 | 2 | 0 | |a 1994-1996 |
| 610 | 2 | 0 | |a krajiny vyspelé |
| 610 | 2 | 0 | |a miera nezamestnanosti |
| 610 | 2 | 0 | |a trh práce |